TV Guide Covers of 1987 Quiz Stats

 Plays Quiz Updated Oct 4, 2017

Challenge
Share
Tweet
Score 0/25 Timer 08:00
0 Plays Today
% Correct
ALF
98.2%
The Golden Girls
96.4%
Cheers
95.5%
Murder, She Wrote
93.9%
Miami Vice
89.5%
Magnum P.I.
87.6%
Family Ties
85.6%
The Cosby Show
84.8%
Moonlighting
83.6%
Who's the Boss?
78.3%
Newhart
73.2%
Growing Pains
71.2%
Night Court
64%
% Correct
L.A. Law
59%
Dallas
50.1%
Cagney & Lacey
48.4%
Nightline
47%
Head of the Class
45%
Amen
43.5%
The Young and the Restless
37.8%
Hunter
32.8%
My Sister Sam
26.1%
The Equalizer
21.4%
The Days and Nights of Molly Dodd
9.8%
Hooperman
8.6%

You're not logged in!

Compare scores with friends on all Sporcle quizzes.
Join for Free
OR
Log In

You Might Also Like...

Show Comments

Extras

Top Quizzes Today


Score Distribution

Your Account Isn't Verified!

In order to create a playlist on Sporcle, you need to verify the email address you used during registration. Go to your Sporcle Settings to finish the process.

Report this User

Report this user for behavior that violates our Community Guidelines.

Details: